00538nam a22001577a 4500008004100000020001800041041000900059082001800068245012400086260005500210300001800265650002900283700002200312700001800334700002800352240703b |||||||| |||| 00| 0 eng d a9781032575551 aEng. a378.5496/H537 aHigher education in Nepal:b policies and perspectives edited by Krishna Bista, Shyam Sharma and Rosalind Latiner Raby. aNew york:bRoutledge Taylor & Francis group,c2020 axx,293p.:ill. aHigher education - Nepal aBista Krishna ed. aSharma, Shyam a Raby, Rosalind Latiner